Name the 2024 starting NFL Quarterbacks by their picture - Statistics

General Stats
  • This quiz has been taken 54 times
  • The average score is 28 of 32
Answer Stats
Picture Answer % Correct
Lamar Jackson
100%
Patrick Mahomes
100%
Brock Purdy
98%
Dak Prescott
95%
Joe Burrow
95%
Baker Mayfield
93%
Jordan Love
93%
Josh Allen
93%
Justin Herbert
93%
Aaron Rodgers
91%
Bo Nix
91%
Deshaun Watson
91%
Jalen Hurts
91%
Jared Goff
91%
Jayden Daniels
91%
Kirk Cousins
91%
Caleb Williams
88%
Trevor Lawrence
88%
Anthony Richardson
86%
C.J. Stroud
84%
Derek Carr
84%
Gino Smith
84%
Justin Fields
84%
Matthew Stafford
84%
Andy Dalton
81%
Daniel Jones
81%
Kyler Murray
81%
Sam Darnold
81%
Gardner Minshew
79%
Jacoby Brissett
74%
Will Levis
74%
Skylar Thompson
51%
No matching quizzes found
Score Distribution
Percent of People with Each Score
Percentile by Number Answered
Your Score History
You have not taken this quiz